000 00690nam a2200289Ia 4500
005 20260324145031.0
008 008 260324s9999 xx 000 0 eng d
020 _a9781315650838
037 _aEBOOK
040 _aCRL
040 _beng
040 _cCRL
041 _2eng
041 _aeng
084 _qCRL
100 _aEugenia M. Gunner
_91221508
245 0 _aT. S. Eliot's Romantic Dilemma
245 0 _bTradition's Anti-Traditional Elements
260 _bTaylor and Francis
260 _c1985
365 _a
365 _b180
856 _uhttp://www.taylorfrancis.com/books/9781315650838
942 _cEBOOK
999 _c1828879
_d1828879